| 000 | 01085cam a22002771a 4500 | ||
|---|---|---|---|
| 001 | AUC_OC_288284 | ||
| 003 | SA-RiAUC | ||
| 005 | 20150408114114.0 | ||
| 008 | 090922s2012 jo g 00| 0 ara c | ||
| 040 |
_aMa-un _bara |
||
| 082 | 0 | 4 |
_a371.95 _bق م ت _221 |
| 100 | 1 |
_aقطناني، محمد حسين _912416 |
|
| 245 | 1 | 0 |
_aتربية الموهوبين وتنميتهم / _cمحمد حسين قطناني، هشام يعقوب مريزيق. |
| 260 |
_aعمان، الأردن : _bدار المسيرة، _c2012. |
||
| 300 |
_a255 ص. ؛ _a24 سم. |
||
| 650 | 7 |
_aالموهوبون _xتعليم _2aucsh |
|
| 650 | 7 |
_aالموهوبون _xتربية _2aucsh _920549 |
|
| 700 | 1 |
_aمريزيق، هشام يعقوب _920550 |
|
| 942 |
_2ddc _cBOOK |
||
| 949 |
_aHU _c371.95 محم _tDDC _d22/09/2009 _i5204596 _n1 _usystem. |
||
| 949 |
_aKAPL _c371.95 ق م ت _d2010/8/16 _n3 _usharif1 |
||
| 949 |
_aJUUNI _c371.95 _d2010/9/21 _n2 _uEman3 |
||
| 949 |
_aMOEKW _c371.95 مح تر _d2010/12/23 _n2 _ughtmhd |
||
| 949 |
_aKKULI _n1 _d2011/4/19 _ukobekan1 |
||
| 949 |
_aARUC _n1 _d2011/6/4 _utraining |
||
| 999 |
_c27483 _d261983 |
||